[Event "DVM U16 2022"]
[Site "Darmstadt GER"]
[Date "2022.12.27"]
[Round "1"]
[White "Herter, Arne"]
[Black "Lerchl, Clemens"]
[Result "0-1"]
[Termination "normal"]
[Board "4.1"]
[WhiteElo "1973"]
[BlackElo "1958"]
[WhiteClock "00:00:44"]
[BlackClock "00:45:46"]
[WhiteTeam "Schachzwerge Magdeburg"]
[BlackTeam "Schach-Club Vaterstetten-Grasbrunn"]
[PlyCount "118"]
[WhiteFideId "16255372"]
[BlackFideId "16226372"]
[EventCountry "GER"]
[EventRounds "7"]
[EventType "team-swiss"]
[EventDate "2022.12.26"]

1. e4 {[%clk 1:30:59]} c5 {[%clk 1:30:53]} 2. Nf3 {[%clk 1:31:24]} d6 {[%clk
1:31:18]} 3. d4 {[%clk 1:31:49]} cxd4 {[%clk 1:31:43]} 4. Nxd4 {[%clk 1:32:13]}
Nf6 {[%clk 1:32:05]} 5. Nc3 {[%clk 1:32:34]} g6 {[%clk 1:32:30]} 6. Be3 {[%clk
1:32:53]} Bg7 {[%clk 1:32:55]} 7. f3 {[%clk 1:33:14]} O-O {[%clk 1:33:19]} 8.
Qd2 {[%clk 1:33:38]} Nc6 {[%clk 1:33:44]} 9. g4 {[%clk 1:34:01]} Be6 {[%clk
1:33:42]} 10. Nxe6 {[%clk 1:34:22]} fxe6 {[%clk 1:34:06]} 11. O-O-O {[%clk
1:34:33]} Ne5 {[%clk 1:34:19]} 12. Be2 {[%clk 1:34:43]} Qc8 {[%clk 1:34:16]}
13. h4 {[%clk 1:20:50]} Nfd7 {[%clk 1:34:18]} 14. Rh3 {[%clk 1:13:32]} Nc4
{[%clk 1:33:35]} 15. Bxc4 {[%clk 1:11:51]} Qxc4 {[%clk 1:33:58]} 16. h5 {[%clk
0:51:00]} Bxc3 {[%clk 1:28:36]} 17. Qxc3 {[%clk 0:32:39]} Qxc3 {[%clk 1:28:40]}
18. bxc3 {[%clk 0:33:07]} Ne5 {[%clk 1:23:29]} 19. hxg6 {[%clk 0:31:30]} hxg6
{[%clk 1:23:46]} 20. Bg5 {[%clk 0:30:36]} Rxf3 {[%clk 1:17:58]} 21. Rxf3 {[%clk
0:30:18]} Nxf3 {[%clk 1:18:22]} 22. Bxe7 {[%clk 0:30:29]} Ne5 {[%clk 1:15:32]}
23. Bxd6 {[%clk 0:25:32]} Nxg4 {[%clk 1:12:39]} 24. Rg1 {[%clk 0:24:18]} Nf2
{[%clk 1:06:44]} 25. Rxg6 {[%clk 0:22:08]} Kf7 {[%clk 1:06:17]} 26. Rh6 {[%clk
0:18:00]} Nxe4 {[%clk 1:05:29]} 27. Be5 {[%clk 0:17:56]} Ng5 {[%clk 1:04:27]}
28. Rf6 {[%clk 0:13:30]} Ke7 {[%clk 1:04:21]} 29. Rf4 {[%clk 0:10:11]} Nf7
{[%clk 1:02:50]} 30. Bf6 {[%clk 0:10:23]} Kd7 {[%clk 1:00:03]} 31. Rd4 {[%clk
0:03:15]} Ke8 {[%clk 0:55:12]} 32. Rg4 {[%clk 0:02:24]} Kd7 {[%clk 0:54:08]}
33. Rg7 {[%clk 0:00:56]} Rf8 {[%clk 0:54:28]} 34. Kd2 {[%clk 0:01:17]} Kd6
{[%clk 0:53:45]} 35. Ke3 {[%clk 0:01:21]} e5 {[%clk 0:53:08]} 36. Bh4 {[%clk
0:00:41]} Ke6 {[%clk 0:49:28]} 37. Rg6 {[%clk 0:01:02]} Kd5 {[%clk 0:49:06]}
38. Be7 {[%clk 0:00:35]} Rh8 {[%clk 0:48:34]} 39. Rf6 {[%clk 0:00:40]} Rh3
{[%clk 0:48:05]} 40. Kd2 {[%clk 0:00:38]} Rh7 {[%clk 0:47:57]} 41. Bb4 {[%clk
0:00:36]} Kc4 {[%clk 0:39:13]} 42. Re6 {[%clk 0:21:37]} Ng5 {[%clk 1:08:52]}
43. Re8 {[%clk 0:18:37]} Ne4 {[%clk 1:08:18]} 44. Ke1 {[%clk 0:14:24]} Rh1
{[%clk 0:58:29]} 45. Ke2 {[%clk 0:14:48]} Nxc3 {[%clk 0:58:54]} 46. Bxc3 {[%clk
0:15:11]} Kxc3 {[%clk 0:58:43]} 47. Rxe5 {[%clk 0:15:39]} Rb1 {[%clk 0:44:02]}
48. Rc5 {[%clk 0:08:08]} Kb4 {[%clk 0:44:21]} 49. Re5 {[%clk 0:06:53]} Rb2
{[%clk 0:44:01]} 50. a3 {[%clk 0:03:40]} Kxa3 {[%clk 0:43:09]} 51. Ra5 {[%clk
0:00:34]} Kb4 {[%clk 0:43:28]} 52. Rxa7 {[%clk 0:00:59]} Rxc2 {[%clk 0:43:49]}
53. Kd3 {[%clk 0:01:08]} Rc3 {[%clk 0:44:02]} 54. Kd2 {[%clk 0:01:27]} b5
{[%clk 0:44:24]} 55. Rb7 {[%clk 0:01:22]} Rc5 {[%clk 0:44:47]} 56. Kd3 {[%clk
0:00:38]} Kb3 {[%clk 0:44:50]} 57. Kd2 {[%clk 0:00:36]} b4 {[%clk 0:45:11]} 58.
Kd1 {[%clk 0:00:51]} Ka3 {[%clk 0:45:22]} 59. Kd2 {[%clk 0:00:44]} b3 {[%clk
0:45:46]} 0-1

[Event "DVM U16 2022"]
[Site "Darmstadt GER"]
[Date "2022.12.27"]
[Round "1"]
[White "Popovici, Liviu-Daniel"]
[Black "Udelnov, Valentin"]
[Result "1-0"]
[Termination "normal"]
[Board "4.2"]
[WhiteElo "1594"]
[BlackElo "1953"]
[WhiteClock "00:24:29"]
[BlackClock "00:05:43"]
[WhiteTeam "Schach-Club Vaterstetten-Grasbrunn"]
[BlackTeam "Schachzwerge Magdeburg"]
[PlyCount "65"]
[WhiteFideId "1253689"]
[BlackFideId "16265734"]
[EventCountry "GER"]
[EventRounds "7"]
[EventType "team-swiss"]
[EventDate "2022.12.26"]

1. e4 {[%clk 1:30:57]} e5 {[%clk 1:30:54]} 2. Nf3 {[%clk 1:31:18]} Nc6 {[%clk
1:31:21]} 3. Bc4 {[%clk 1:31:10]} Bc5 {[%clk 1:31:43]} 4. c3 {[%clk 1:31:25]}
Nf6 {[%clk 1:32:09]} 5. d4 {[%clk 1:31:41]} exd4 {[%clk 1:32:32]} 6. e5 {[%clk
1:32:04]} d5 {[%clk 1:32:49]} 7. Bb5 {[%clk 1:31:59]} Ne4 {[%clk 1:33:12]} 8.
cxd4 {[%clk 1:31:51]} Bb6 {[%clk 1:33:33]} 9. Be3 {[%clk 1:31:03]} O-O {[%clk
1:33:36]} 10. h3 {[%clk 1:29:56]} Be6 {[%clk 1:31:01]} 11. Bxc6 {[%clk
1:26:47]} bxc6 {[%clk 1:31:10]} 12. O-O {[%clk 1:26:30]} c5 {[%clk 1:24:23]}
13. Nc3 {[%clk 1:18:59]} Qd7 {[%clk 1:05:13]} 14. Qe2 {[%clk 1:11:11]} a6 15.
Rfd1 {[%clk 1:06:57]} cxd4 {[%clk 0:47:32]} 16. Nxd4 {[%clk 1:06:46]} Nxc3
{[%clk 0:47:17]} 17. bxc3 {[%clk 1:07:08]} c5 {[%clk 0:47:40]} 18. Nb3 {[%clk
1:05:20]} Qc6 {[%clk 0:46:41]} 19. Qf3 {[%clk 1:01:55]} Rac8 {[%clk 0:46:00]}
20. Rd2 {[%clk 0:56:04]} Rfd8 {[%clk 0:44:19]} 21. Rad1 {[%clk 0:50:53]} a5
{[%clk 0:42:09]} 22. Nc1 {[%clk 0:48:11]} h6 {[%clk 0:35:00]} 23. Ne2 {[%clk
0:46:04]} Qa4 {[%clk 0:31:26]} 24. Qg3 {[%clk 0:37:11]} Kh8 {[%clk 0:31:35]}
25. f4 {[%clk 0:32:36]} d4 {[%clk 0:20:11]} 26. cxd4 {[%clk 0:31:37]} cxd4
{[%clk 0:20:36]} 27. Nxd4 Bxa2 {[%clk 0:19:07]} 28. f5 {[%clk 0:26:58]} Rc3 29.
f6 {[%clk 0:23:49]} g6 {[%clk 0:12:15]} 30. Qh4 h5 {[%clk 0:05:16]} 31. Qg5
{[%clk 0:23:48]} Kg8 {[%clk 0:05:42]} 32. Qh6 {[%clk 0:24:06]} Rxe3 {[%clk
0:05:43]} 33. Qg7# {[%clk 0:24:29]} 1-0

[Event "DVM U16 2022"]
[Site "Darmstadt GER"]
[Date "2022.12.27"]
[Round "1"]
[White "Pohle, Saskia"]
[Black "Deiters, Clemens"]
[Result "1-0"]
[Termination "normal"]
[Board "4.3"]
[WhiteElo "1678"]
[BlackElo "1343"]
[WhiteClock "00:12:28"]
[BlackClock "00:16:09"]
[WhiteTeam "Schachzwerge Magdeburg"]
[BlackTeam "Schach-Club Vaterstetten-Grasbrunn"]
[PlyCount "63"]
[WhiteFideId "16201604"]
[BlackFideId "16240243"]
[EventCountry "GER"]
[EventRounds "7"]
[EventType "team-swiss"]
[EventDate "2022.12.26"]

1. e4 {[%clk 1:30:58]} c5 {[%clk 1:30:54]} 2. Nf3 {[%clk 1:31:24]} e6 {[%clk
1:31:16]} 3. d4 {[%clk 1:31:49]} cxd4 {[%clk 1:31:41]} 4. Nxd4 {[%clk 1:32:13]}
Nc6 {[%clk 1:32:04]} 5. Nc3 {[%clk 1:32:38]} Qc7 {[%clk 1:32:26]} 6. Be3 {[%clk
1:32:47]} Nf6 {[%clk 1:32:22]} 7. Qf3 {[%clk 1:30:06]} a6 {[%clk 1:30:51]} 8.
O-O-O b5 {[%clk 1:27:49]} 9. Be2 {[%clk 1:11:40]} Bb7 {[%clk 1:23:01]} 10. Nxc6
{[%clk 0:58:23]} Bxc6 {[%clk 1:20:35]} 11. g4 {[%clk 0:53:38]} b4 {[%clk
1:20:44]} 12. g5 {[%clk 0:52:06]} bxc3 {[%clk 1:19:42]} 13. gxf6 {[%clk
0:52:30]} cxb2 {[%clk 1:20:01]} 14. Kb1 {[%clk 0:52:52]} Ba4 {[%clk 1:02:17]}
15. Bd3 {[%clk 0:49:00]} Rc8 {[%clk 1:00:51]} 16. Rd2 {[%clk 0:48:37]} Qc3
{[%clk 0:48:08]} 17. e5 {[%clk 0:30:08]} Bc6 {[%clk 0:38:00]} 18. Be4 {[%clk
0:23:26]} Qxe5 {[%clk 0:28:57]} 19. Bxc6 {[%clk 0:22:44]} Rxc6 {[%clk 0:28:50]}
20. Rhd1 {[%clk 0:19:37]} Qxf6 {[%clk 0:25:05]} 21. Rxd7 {[%clk 0:18:24]} Rc8
{[%clk 0:17:04]} 22. Bg5 {[%clk 0:16:51]} Be7 {[%clk 0:15:03]} 23. Bxf6 {[%clk
0:16:48]} Bxf6 {[%clk 0:15:20]} 24. Qb7 {[%clk 0:17:04]} O-O {[%clk 0:15:15]}
25. Rxf7 {[%clk 0:15:30]} Rb8 {[%clk 0:14:45]} 26. Rxf8 {[%clk 0:15:26]} Rxf8
{[%clk 0:15:08]} 27. Qxa6 {[%clk 0:15:42]} e5 {[%clk 0:15:28]} 28. Qe6 {[%clk
0:15:42]} Kh8 {[%clk 0:15:51]} 29. Rd7 {[%clk 0:13:50]} h6 {[%clk 0:15:58]} 30.
Qd6 {[%clk 0:13:36]} Kg8 {[%clk 0:16:12]} 31. a4 {[%clk 0:12:28]} e4 {[%clk
0:16:09]} 32. Qe6 {[%clk 0:12:28]} 1-0

[Event "DVM U16 2022"]
[Site "Darmstadt GER"]
[Date "2022.12.27"]
[Round "1"]
[White "Karpen, Jakob"]
[Black "Nönnig, Jakob"]
[Result "0-1"]
[Termination "normal"]
[Board "4.4"]
[WhiteElo "1345"]
[BlackElo "1606"]
[WhiteClock "00:21:09"]
[BlackClock "00:23:00"]
[WhiteTeam "Schach-Club Vaterstetten-Grasbrunn"]
[BlackTeam "Schachzwerge Magdeburg"]
[PlyCount "80"]
[WhiteFideId "16255453"]
[BlackFideId "16289447"]
[EventCountry "GER"]
[EventRounds "7"]
[EventType "team-swiss"]
[EventDate "2022.12.26"]

1. d4 {[%clk 1:30:44]} d5 {[%clk 1:30:52]} 2. c4 {[%clk 1:31:01]} e6 {[%clk
1:31:14]} 3. e3 {[%clk 1:30:50]} Nf6 {[%clk 1:30:59]} 4. Nf3 {[%clk 1:30:58]}
Be7 {[%clk 1:30:45]} 5. Nc3 {[%clk 1:31:12]} O-O {[%clk 1:30:56]} 6. Bd3 {[%clk
1:31:21]} dxc4 {[%clk 1:30:49]} 7. Bxc4 {[%clk 1:31:40]} a6 {[%clk 1:30:41]} 8.
O-O {[%clk 1:29:47]} b5 {[%clk 1:30:33]} 9. Bd3 {[%clk 1:29:56]} Bb7 {[%clk
1:30:24]} 10. Re1 {[%clk 1:29:06]} c5 {[%clk 1:25:33]} 11. dxc5 {[%clk
1:22:46]} Bxc5 {[%clk 1:25:50]} 12. Qe2 {[%clk 1:22:12]} Qb6 {[%clk 1:05:07]}
13. b3 {[%clk 1:07:19]} Rd8 {[%clk 0:59:15]} 14. Rd1 {[%clk 1:05:41]} Nbd7
{[%clk 0:55:47]} 15. Bb2 {[%clk 1:03:10]} e5 {[%clk 0:51:13]} 16. e4 {[%clk
0:58:36]} Ng4 {[%clk 0:51:13]} 17. Rf1 {[%clk 0:58:22]} Ndf6 {[%clk 0:51:05]}
18. Bc2 {[%clk 0:55:01]} Nxf2 {[%clk 0:42:26]} 19. Rxf2 {[%clk 0:55:21]} Ng4
{[%clk 0:42:49]} 20. Raf1 {[%clk 0:50:48]} Nxf2 {[%clk 0:39:03]} 21. Rxf2
{[%clk 0:51:11]} Rac8 {[%clk 0:33:31]} 22. Kf1 {[%clk 0:45:19]} Bxf2 {[%clk
0:32:50]} 23. Qxf2 {[%clk 0:45:41]} Qxf2 {[%clk 0:33:15]} 24. Kxf2 {[%clk
0:46:04]} b4 {[%clk 0:33:43]} 25. Ke2 {[%clk 0:43:04]} bxc3 {[%clk 0:32:56]}
26. Bc1 {[%clk 0:43:19]} f6 {[%clk 0:23:33]} 27. g4 {[%clk 0:41:03]} Bc6 {[%clk
0:23:00]} 28. Be3 {[%clk 0:37:30]} Bb5 {[%clk 0:22:59]} 29. Kf2 {[%clk
0:32:21]} Bd3 {[%clk 0:23:06]} 30. Ne1 {[%clk 0:32:27]} Bxc2 {[%clk 0:23:05]}
31. Nxc2 {[%clk 0:32:51]} Rd1 {[%clk 0:21:39]} 32. h4 {[%clk 0:29:10]} Rcd8
{[%clk 0:21:55]} 33. Nb4 {[%clk 0:24:53]} c2 {[%clk 0:21:17]} 34. Nxa6 {[%clk
0:20:56]} R8d2 {[%clk 0:21:36]} 35. Bxd2 {[%clk 0:20:32]} Rxd2 {[%clk 0:21:58]}
36. Kf3 {[%clk 0:20:17]} c1=Q {[%clk 0:22:20]} 37. g5 {[%clk 0:20:37]} Qf1
{[%clk 0:22:31]} 38. Kg4 {[%clk 0:20:48]} Rg2 {[%clk 0:22:37]} 39. Kh5 {[%clk
0:21:01]} Rxg5 {[%clk 0:23:00]} 40. hxg5 {[%clk 0:21:09]} Qh3# 0-1

[Event "DVM U16 2022"]
[Site "Darmstadt GER"]
[Date "2022.12.27"]
[Round "1"]
[White "Bock, Marlon"]
[Black "Reichmann, Felix"]
[Result "1/2-1/2"]
[Termination "normal"]
[Board "5.1"]
[WhiteElo "2002"]
[BlackElo "1813"]
[WhiteClock "00:05:56"]
[BlackClock "00:12:59"]
[WhiteTeam "SSV Vimaria 91 Weimar"]
[BlackTeam "Schachfreunde Nordost Berlin"]
[PlyCount "119"]
[WhiteFideId "16244931"]
[BlackFideId "16238290"]
[EventCountry "GER"]
[EventRounds "7"]
[EventType "team-swiss"]
[EventDate "2022.12.26"]

1. d4 {[%clk 1:30:57]} Nf6 {[%clk 1:30:49]} 2. Nf3 {[%clk 1:31:20]} g6 {[%clk
1:30:53]} 3. Nc3 {[%clk 1:31:42]} Bg7 {[%clk 1:29:44]} 4. e4 {[%clk 1:31:26]}
d5 {[%clk 1:29:19]} 5. e5 {[%clk 1:20:46]} Ne4 {[%clk 1:29:27]} 6. Nxe4 {[%clk
1:20:04]} dxe4 {[%clk 1:29:51]} 7. Ng5 {[%clk 1:19:49]} c5 {[%clk 1:30:15]} 8.
c3 {[%clk 1:11:09]} cxd4 {[%clk 1:23:24]} 9. cxd4 {[%clk 1:04:15]} Nc6 {[%clk
1:10:43]} 10. Be3 {[%clk 1:01:54]} Qa5 {[%clk 1:08:41]} 11. Qd2 {[%clk
0:54:21]} Qxd2 {[%clk 1:08:20]} 12. Kxd2 {[%clk 0:54:35]} Bf5 {[%clk 1:06:04]}
13. f3 {[%clk 0:39:12]} exf3 {[%clk 1:05:38]} 14. Nxf3 {[%clk 0:39:30]} O-O-O
{[%clk 0:35:53]} 15. Rc1 {[%clk 0:27:42]} f6 {[%clk 0:29:13]} 16. Bb5 {[%clk
0:24:18]} Be4 {[%clk 0:25:03]} 17. Ke2 {[%clk 0:21:42]} Kb8 {[%clk 0:19:12]}
18. exf6 {[%clk 0:18:06]} exf6 {[%clk 0:16:31]} 19. Rhd1 {[%clk 0:15:46]} Rhe8
{[%clk 0:12:59]} 20. Kf2 {[%clk 0:12:05]} Bd5 {[%clk 0:11:02]} 21. b3 {[%clk
0:10:33]} a6 {[%clk 0:06:21]} 22. Bc4 {[%clk 0:08:04]} Ka8 {[%clk 0:04:33]} 23.
Rc2 {[%clk 0:05:16]} f5 {[%clk 0:02:53]} 24. Rcd2 {[%clk 0:04:07]} b5 {[%clk
0:01:13]} 25. Bxd5 {[%clk 0:03:26]} Rxd5 {[%clk 0:01:42]} 26. Rc1 {[%clk
0:02:46]} Kb7 {[%clk 0:01:54]} 27. Rdc2 {[%clk 0:02:40]} Rxe3 {[%clk 0:01:55]}
28. Kxe3 {[%clk 0:01:08]} Bh6 {[%clk 0:02:24]} 29. Kf2 {[%clk 0:01:18]} Bxc1
{[%clk 0:02:22]} 30. Rxc1 {[%clk 0:01:38]} Nb4 {[%clk 0:02:23]} 31. Ra1 {[%clk
0:01:21]} Rd8 {[%clk 0:02:02]} 32. a4 {[%clk 0:01:17]} Kb6 {[%clk 0:01:13]} 33.
axb5 {[%clk 0:00:42]} Kxb5 {[%clk 0:01:27]} 34. h4 {[%clk 0:00:50]} a5 {[%clk
0:01:35]} 35. h5 {[%clk 0:00:52]} gxh5 {[%clk 0:00:53]} 36. Rh1 {[%clk
0:01:12]} Nc2 {[%clk 0:00:40]} 37. Rxh5 {[%clk 0:00:57]} Nxd4 {[%clk 0:00:38]}
38. Nxd4 {[%clk 0:00:58]} Rxd4 {[%clk 0:01:06]} 39. Rxf5 {[%clk 0:01:12]} Kb4
{[%clk 0:01:29]} 40. Ke3 {[%clk 0:00:41]} Rd1 {[%clk 0:01:09]} 41. Rh5 {[%clk
0:28:11]} Rb1 {[%clk 0:27:40]} 42. Rxh7 {[%clk 0:16:54]} Rxb3 {[%clk 0:27:58]}
43. Kd4 {[%clk 0:11:23]} Rg3 {[%clk 0:27:09]} 44. Rb7 {[%clk 0:11:04]} Ka3
{[%clk 0:27:03]} 45. Rb1 {[%clk 0:09:05]} a4 {[%clk 0:24:04]} 46. Kc4 {[%clk
0:07:48]} Ka2 {[%clk 0:24:01]} 47. Rb8 {[%clk 0:07:34]} a3 {[%clk 0:23:58]} 48.
Rb6 {[%clk 0:07:37]} Ka1 {[%clk 0:15:15]} 49. Rb3 {[%clk 0:04:39]} Rg4 {[%clk
0:14:16]} 50. Kc3 {[%clk 0:04:43]} Ka2 {[%clk 0:14:02]} 51. Rb8 {[%clk
0:04:56]} Rxg2 {[%clk 0:14:20]} 52. Rb7 {[%clk 0:04:39]} Rb2 {[%clk 0:12:55]}
53. Ra7 {[%clk 0:04:54]} Rh2 {[%clk 0:12:57]} 54. Rb7 {[%clk 0:05:11]} Ka1
{[%clk 0:12:54]} 55. Rb3 {[%clk 0:05:06]} a2 {[%clk 0:12:41]} 56. Rb8 {[%clk
0:05:15]} Rh1 {[%clk 0:12:57]} 57. Kc2 {[%clk 0:05:29]} Rb1 {[%clk 0:13:07]}
58. Rc8 {[%clk 0:05:36]} Rb2 {[%clk 0:13:13]} 59. Kc1 {[%clk 0:05:56]} Rc2
{[%clk 0:12:59]} 60. Rxc2 1/2-1/2

[Event "DVM U16 2022"]
[Site "Darmstadt GER"]
[Date "2022.12.27"]
[Round "1"]
[White "Gutewort, Paul Emil"]
[Black "Günther, Arthur"]
[Result "1-0"]
[Termination "normal"]
[Board "5.2"]
[WhiteElo "1667"]
[BlackElo "1633"]
[WhiteClock "00:01:53"]
[BlackClock "00:01:21"]
[WhiteTeam "Schachfreunde Nordost Berlin"]
[BlackTeam "SSV Vimaria 91 Weimar"]
[PlyCount "89"]
[WhiteFideId "16204182"]
[BlackFideId "16230078"]
[EventCountry "GER"]
[EventRounds "7"]
[EventType "team-swiss"]
[EventDate "2022.12.26"]

1. c4 {[%clk 1:30:58]} e6 {[%clk 1:30:49]} 2. g3 {[%clk 1:31:14]} d5 {[%clk
1:31:05]} 3. Bg2 {[%clk 1:31:36]} f5 {[%clk 1:31:21]} 4. d3 {[%clk 1:27:15]}
Nf6 {[%clk 1:30:29]} 5. Nf3 {[%clk 1:26:20]} Bd6 {[%clk 1:30:12]} 6. O-O {[%clk
1:22:47]} O-O {[%clk 1:30:31]} 7. b3 {[%clk 1:21:22]} c6 {[%clk 1:30:02]} 8.
Nbd2 {[%clk 1:20:09]} Bd7 {[%clk 1:29:40]} 9. Bb2 {[%clk 1:15:44]} Be8 {[%clk
1:27:57]} 10. Qe1 {[%clk 1:14:24]} Bh5 {[%clk 1:25:18]} 11. a3 {[%clk 1:05:34]}
Nbd7 {[%clk 1:24:10]} 12. Nd4 {[%clk 1:01:53]} Qe7 {[%clk 1:16:39]} 13. cxd5
{[%clk 0:58:50]} Nxd5 {[%clk 0:59:39]} 14. e4 {[%clk 0:48:51]} Nc7 {[%clk
0:55:45]} 15. N4f3 {[%clk 0:45:38]} Nb5 {[%clk 0:35:16]} 16. exf5 {[%clk
0:27:47]} exf5 {[%clk 0:26:46]} 17. Qxe7 {[%clk 0:26:31]} Bxe7 {[%clk 0:27:09]}
18. Rfe1 {[%clk 0:26:03]} Bd6 {[%clk 0:25:32]} 19. Nc4 {[%clk 0:23:30]} Nb6
{[%clk 0:21:42]} 20. b4 {[%clk 0:20:22]} Rfe8 {[%clk 0:19:33]} 21. Nd4 {[%clk
0:18:11]} Nxd4 {[%clk 0:15:35]} 22. Nxd6 {[%clk 0:16:16]} Red8 {[%clk 0:09:18]}
23. Nxb7 {[%clk 0:14:27]} Ne2 {[%clk 0:08:53]} 24. Kf1 {[%clk 0:07:27]} Rxd3
{[%clk 0:09:06]} 25. g4 {[%clk 0:06:20]} Bxg4 {[%clk 0:03:16]} 26. f3 {[%clk
0:06:34]} Bxf3 {[%clk 0:03:32]} 27. Bxf3 {[%clk 0:06:59]} Rxf3 {[%clk 0:03:51]}
28. Kxe2 {[%clk 0:07:24]} Rh3 {[%clk 0:04:04]} 29. Be5 {[%clk 0:05:11]} Nc4
{[%clk 0:03:08]} 30. Bg3 {[%clk 0:01:34]} g5 {[%clk 0:03:20]} 31. Kf2 {[%clk
0:01:08]} f4 {[%clk 0:01:55]} 32. Kg2 {[%clk 0:01:35]} Rh6 {[%clk 0:00:48]} 33.
Bf2 {[%clk 0:02:00]} Rg6 {[%clk 0:00:48]} 34. Re4 {[%clk 0:01:07]} Nd2 {[%clk
0:00:33]} 35. Re5 {[%clk 0:00:41]} g4 {[%clk 0:00:43]} 36. Rd1 {[%clk 0:00:49]}
Nc4 {[%clk 0:01:06]} 37. Re4 {[%clk 0:01:13]} Nxa3 {[%clk 0:00:47]} 38. Rxf4
{[%clk 0:01:34]} Nb5 {[%clk 0:00:47]} 39. Rd7 {[%clk 0:01:23]} Rf8 {[%clk
0:00:51]} 40. Rxf8 {[%clk 0:01:40]} Kxf8 41. Rxh7 {[%clk 0:01:32]} Rg7 {[%clk
0:00:47]} 42. Bc5 {[%clk 0:00:45]} Kg8 {[%clk 0:01:02]} 43. Rxg7 {[%clk
0:01:09]} Kxg7 {[%clk 0:01:25]} 44. Nd6 {[%clk 0:01:29]} Nc3 {[%clk 0:01:21]}
45. Bd4 {[%clk 0:01:53]} 1-0

[Event "DVM U16 2022"]
[Site "Darmstadt GER"]
[Date "2022.12.27"]
[Round "1"]
[White "Beberhold, Otto Richard"]
[Black "Duduka, Artem"]
[Result "1-0"]
[Termination "normal"]
[Board "5.3"]
[WhiteElo "1553"]
[BlackElo "1602"]
[WhiteClock "01:02:41"]
[BlackClock "00:33:22"]
[WhiteTeam "SSV Vimaria 91 Weimar"]
[BlackTeam "Schachfreunde Nordost Berlin"]
[PlyCount "47"]
[WhiteFideId "34617248"]
[BlackFideId "14194805"]
[EventCountry "GER"]
[EventRounds "7"]
[EventType "team-swiss"]
[EventDate "2022.12.26"]

1. e4 {[%clk 1:30:57]} e5 {[%clk 1:30:45]} 2. Nf3 {[%clk 1:31:21]} Nc6 {[%clk
1:30:59]} 3. Bc4 {[%clk 1:31:42]} Be7 {[%clk 1:31:05]} 4. d4 {[%clk 1:31:17]}
d6 {[%clk 1:29:05]} 5. dxe5 {[%clk 1:31:30]} dxe5 {[%clk 1:28:43]} 6. Qxd8
{[%clk 1:31:45]} Bxd8 {[%clk 1:28:55]} 7. Nc3 {[%clk 1:31:56]} Nf6 {[%clk
1:28:16]} 8. Be3 {[%clk 1:31:55]} Bg4 {[%clk 1:19:49]} 9. O-O-O {[%clk
1:25:10]} O-O {[%clk 1:15:42]} 10. h3 {[%clk 1:22:09]} Bh5 {[%clk 1:15:02]} 11.
g4 {[%clk 1:17:28]} Bg6 {[%clk 1:14:32]} 12. Bc5 {[%clk 1:16:04]} Re8 {[%clk
1:11:10]} 13. Rhe1 {[%clk 1:15:28]} Be7 {[%clk 1:08:55]} 14. Bxe7 {[%clk
1:14:33]} Rxe7 {[%clk 1:08:09]} 15. Nh4 {[%clk 1:13:20]} Nd4 {[%clk 0:58:13]}
16. f4 {[%clk 1:11:06]} Nxc2 {[%clk 0:39:37]} 17. Kxc2 {[%clk 1:11:13]} exf4
{[%clk 0:39:04]} 18. Nxg6 {[%clk 1:08:00]} hxg6 {[%clk 0:39:25]} 19. e5 {[%clk
1:08:19]} Nh7 {[%clk 0:37:05]} 20. e6 {[%clk 1:04:53]} Ng5 {[%clk 0:33:16]} 21.
exf7 {[%clk 1:05:09]} Kf8 {[%clk 0:33:30]} 22. Rxe7 {[%clk 1:04:42]} Kxe7
{[%clk 0:33:49]} 23. Re1 {[%clk 1:02:34]} Kf8 {[%clk 0:33:22]} 24. Nd5 {[%clk
1:02:41]} 1-0

[Event "DVM U16 2022"]
[Site "Darmstadt GER"]
[Date "2022.12.27"]
[Round "1"]
[White "Beck, Felix"]
[Black "Stadelmann, Constantin"]
[Result "1-0"]
[Termination "normal"]
[Board "5.4"]
[WhiteElo "1535"]
[BlackElo "1352"]
[WhiteTeam "Schachfreunde Nordost Berlin"]
[BlackTeam "SSV Vimaria 91 Weimar"]
[PlyCount "115"]
[WhiteFideId "16255364"]
[BlackFideId "16297970"]
[EventCountry "GER"]
[EventRounds "7"]
[EventType "team-swiss"]
[EventDate "2022.12.26"]

1. c4 e6 2. g3 f5 3. Bg2 Nf6 4. d4 d5 5. Nf3 c6 6. O-O Bd6 7. b3 O-O 8. e3 Nbd7
9. Bb2 b6 10. Nbd2 Qc7 11. Rc1 Ba6 12. Qc2 Ne4 13. Rfd1 Rac8 14. a3 c5 15. dxc5
Ndxc5 16. Nd4 Nxd2 17. Rxd2 dxc4 18. bxc4 Rfe8 19. Nb5 Bxb5 20. cxb5 Be5 21.
Bxe5 Qxe5 22. Qd1 Qf6 23. Rc4 e5 24. Rd6 Red8 25. Rxd8 Rxd8 26. Qe2 e4 27. Rc1
Rd3 28. Qa2 Kf8 29. a4 Qd6 30. Qc2 Rd2 31. Qc4 Rd1 32. Rxd1 Qxd1 33. Bf1 Qb3
34. Qxb3 Nxb3 35. Be2 Ke7 36. Kf1 Kd6 37. Bd1 Nc5 38. Ke2 Kd5 39. f3 Kc4 40.
fxe4 Nxe4 41. Bc2 Kb4 42. Kf3 Nd6 43. Kf4 g6 44. g4 Kc3 45. Bd1 Nc4 46. gxf5
gxf5 47. Bf3 Kd3 48. e4 fxe4 49. Bxe4 Kc3 50. Bxh7 Nb2 51. h4 Nxa4 52. Bg6 Nc5
53. h5 Nd7 54. h6 Nf8 55. Kf5 Kc4 56. Kf6 Kd5 57. Bf5

[Event "DVM U16 2022"]
[Site "Darmstadt GER"]
[Date "2022.12.27"]
[Round "1"]
[White "Yin, Haode"]
[Black "Goldinov, Daniel"]
[Result "1-0"]
[Termination "normal"]
[Board "6.1"]
[WhiteElo "1931"]
[BlackElo "1687"]
[WhiteClock "00:08:26"]
[BlackClock "00:00:31"]
[WhiteTeam "SchachAkademiePaderborn e. V."]
[BlackTeam "Stuttgarter SF 1879"]
[PlyCount "55"]
[WhiteFideId "16261348"]
[BlackFideId "34605649"]
[EventCountry "GER"]
[EventRounds "7"]
[EventType "team-swiss"]
[EventDate "2022.12.26"]

1. d4 {[%clk 1:30:57]} f5 {[%clk 1:30:39]} 2. Nc3 {[%clk 1:30:19]} Nf6 {[%clk
1:30:59]} 3. Bg5 {[%clk 1:30:08]} d5 {[%clk 1:25:53]} 4. Bxf6 {[%clk 1:30:09]}
exf6 {[%clk 1:26:14]} 5. e3 {[%clk 1:29:46]} Be6 {[%clk 1:25:36]} 6. Qf3 {[%clk
1:28:48]} c5 {[%clk 1:18:48]} 7. dxc5 {[%clk 1:14:24]} Nc6 {[%clk 1:13:35]} 8.
Bb5 {[%clk 1:10:37]} Bxc5 {[%clk 1:07:36]} 9. Nge2 {[%clk 1:06:13]} O-O {[%clk
0:28:17]} 10. Nf4 {[%clk 0:55:07]} Ne5 {[%clk 0:24:31]} 11. Qd1 {[%clk
0:54:27]} Bf7 {[%clk 0:22:24]} 12. Nfxd5 {[%clk 0:36:05]} Qc8 {[%clk 0:05:10]}
13. Qe2 {[%clk 0:31:26]} Rd8 {[%clk 0:04:36]} 14. Rd1 {[%clk 0:30:03]} a6
{[%clk 0:04:40]} 15. Ba4 {[%clk 0:29:19]} b5 {[%clk 0:05:01]} 16. Bb3 {[%clk
0:29:31]} Qc6 {[%clk 0:03:38]} 17. a3 {[%clk 0:26:57]} Rd7 {[%clk 0:02:01]} 18.
O-O {[%clk 0:21:12]} Rad8 {[%clk 0:02:26]} 19. Nf4 {[%clk 0:17:04]} Nc4 {[%clk
0:01:30]} 20. Rxd7 {[%clk 0:15:54]} Rxd7 {[%clk 0:01:49]} 21. Nd3 {[%clk
0:15:48]} Ba7 {[%clk 0:01:20]} 22. Rd1 {[%clk 0:10:54]} Re7 {[%clk 0:01:10]}
23. Nb4 {[%clk 0:09:46]} Qc8 {[%clk 0:00:52]} 24. Bxc4 {[%clk 0:08:39]} Bxc4
{[%clk 0:01:09]} 25. Qf3 {[%clk 0:09:01]} Qe6 {[%clk 0:00:38]} 26. Qa8 {[%clk
0:08:13]} Kf7 {[%clk 0:00:59]} 27. Nc6 {[%clk 0:08:26]} Bxe3 {[%clk 0:00:31]}
28. Nd8 1-0